<?xml version="1.0" encoding="UTF-8"?>
<collection xmlns="http://www.loc.gov/MARC21/slim">
 <record>
  <leader>03622nas a22006497a 4500</leader>
  <controlfield tag="001">000011650</controlfield>
  <controlfield tag="003">CZ-PrVSE</controlfield>
  <controlfield tag="005">20180118131231.0</controlfield>
  <controlfield tag="008">960827c19499999xxuar|p|      0    0eng |</controlfield>
  <datafield tag="022" ind1=" " ind2=" ">
   <subfield code="a">0082-8041</subfield>
   <subfield code="l">0082-8041</subfield>
  </datafield>
  <datafield tag="040" ind1=" " ind2=" ">
   <subfield code="a">ABA006</subfield>
   <subfield code="b">cze</subfield>
   <subfield code="c">ABA006</subfield>
   <subfield code="d">ABA006</subfield>
  </datafield>
  <datafield tag="041" ind1="0" ind2=" ">
   <subfield code="a">eng</subfield>
   <subfield code="a">fre</subfield>
  </datafield>
  <datafield tag="044" ind1=" " ind2=" ">
   <subfield code="a">xxu</subfield>
  </datafield>
  <datafield tag="072" ind1=" " ind2="7">
   <subfield code="a">314</subfield>
   <subfield code="x">Demografie. Populace</subfield>
   <subfield code="2">Konspekt</subfield>
   <subfield code="9">18</subfield>
  </datafield>
  <datafield tag="072" ind1=" " ind2="9">
   <subfield code="a">304</subfield>
   <subfield code="x">Factors affecting social behavior</subfield>
   <subfield code="2">Conspectus</subfield>
   <subfield code="9">18</subfield>
  </datafield>
  <datafield tag="080" ind1=" " ind2=" ">
   <subfield code="a">314</subfield>
   <subfield code="2">MRF_2003</subfield>
  </datafield>
  <datafield tag="080" ind1=" " ind2=" ">
   <subfield code="a">311:314</subfield>
   <subfield code="2">MRF_2003</subfield>
  </datafield>
  <datafield tag="080" ind1=" " ind2=" ">
   <subfield code="a">314.116</subfield>
   <subfield code="2">MRF_2003</subfield>
  </datafield>
  <datafield tag="080" ind1=" " ind2=" ">
   <subfield code="a">(058)</subfield>
   <subfield code="2">MRF_2003</subfield>
  </datafield>
  <datafield tag="099" ind1=" " ind2="9">
   <subfield code="a">OSN/XIII.1</subfield>
  </datafield>
  <datafield tag="110" ind1="2" ind2=" ">
   <subfield code="a">Organizace spojených národů.</subfield>
   <subfield code="b">Odbor pro ekonomické a sociální otázky</subfield>
   <subfield code="7">ko2002101500</subfield>
  </datafield>
  <datafield tag="245" ind1="1" ind2="0">
   <subfield code="a">Demographic yearbook ... =</subfield>
   <subfield code="b">Annuaire démographique ...</subfield>
  </datafield>
  <datafield tag="260" ind1=" " ind2=" ">
   <subfield code="a">New York :</subfield>
   <subfield code="b">United Nations,</subfield>
   <subfield code="c">[1949]-</subfield>
  </datafield>
  <datafield tag="310" ind1=" " ind2=" ">
   <subfield code="a">Ročenka</subfield>
  </datafield>
  <datafield tag="500" ind1=" " ind2=" ">
   <subfield code="a">Součástí názvu je označení běžného roku</subfield>
  </datafield>
  <datafield tag="500" ind1=" " ind2=" ">
   <subfield code="a">Jednotlivé sv. mají ISBN</subfield>
  </datafield>
  <datafield tag="610" ind1="2" ind2="7">
   <subfield code="a">Organizace spojených národů</subfield>
   <subfield code="7">kn20010711348</subfield>
   <subfield code="2">czenas</subfield>
  </datafield>
  <datafield tag="650" ind1="0" ind2="7">
   <subfield code="a">demografie</subfield>
   <subfield code="7">ph117181</subfield>
   <subfield code="2">czenas</subfield>
  </datafield>
  <datafield tag="650" ind1="0" ind2="7">
   <subfield code="a">demografická statistika</subfield>
   <subfield code="7">ph138793</subfield>
   <subfield code="2">czenas</subfield>
  </datafield>
  <datafield tag="650" ind1="0" ind2="7">
   <subfield code="a">demografický vývoj</subfield>
   <subfield code="7">ph119369</subfield>
   <subfield code="2">czenas</subfield>
  </datafield>
  <datafield tag="655" ind1=" " ind2="7">
   <subfield code="a">ročenky</subfield>
   <subfield code="7">fd133307</subfield>
   <subfield code="2">czenas</subfield>
  </datafield>
  <datafield tag="650" ind1="0" ind2="9">
   <subfield code="a">demography</subfield>
   <subfield code="2">eczenas</subfield>
  </datafield>
  <datafield tag="650" ind1="0" ind2="9">
   <subfield code="a">vital statistics</subfield>
   <subfield code="2">eczenas</subfield>
  </datafield>
  <datafield tag="650" ind1="0" ind2="9">
   <subfield code="a">demographic transition</subfield>
   <subfield code="2">eczenas</subfield>
  </datafield>
  <datafield tag="655" ind1=" " ind2="9">
   <subfield code="a">yearbooks</subfield>
   <subfield code="2">eczenas</subfield>
  </datafield>
  <datafield tag="BAS" ind1=" " ind2=" ">
   <subfield code="a">skcse</subfield>
  </datafield>
  <datafield tag="902" ind1=" " ind2=" ">
   <subfield code="a">92-1-051070-4</subfield>
   <subfield code="q">(1986 ;</subfield>
   <subfield code="q">brož.)</subfield>
  </datafield>
  <datafield tag="902" ind1=" " ind2=" ">
   <subfield code="a">92-1-051070-4</subfield>
   <subfield code="q">(1987 ;</subfield>
   <subfield code="q">brož.)</subfield>
  </datafield>
  <datafield tag="902" ind1=" " ind2=" ">
   <subfield code="a">92-1-051073-9</subfield>
   <subfield code="q">(1988 ;</subfield>
   <subfield code="q">brož.)</subfield>
  </datafield>
  <datafield tag="902" ind1=" " ind2=" ">
   <subfield code="a">92-1-051079-8</subfield>
   <subfield code="q">(1990 ;</subfield>
   <subfield code="q">brož.)</subfield>
  </datafield>
  <datafield tag="902" ind1=" " ind2=" ">
   <subfield code="a">92-1-051080-1</subfield>
   <subfield code="q">(1991 ;</subfield>
   <subfield code="q">brož.)</subfield>
  </datafield>
  <datafield tag="902" ind1=" " ind2=" ">
   <subfield code="a">92-1-051083-6</subfield>
   <subfield code="q">(1992 ;</subfield>
   <subfield code="q">brož.)</subfield>
  </datafield>
  <datafield tag="902" ind1=" " ind2=" ">
   <subfield code="a">92-1-051084-4</subfield>
   <subfield code="q">(1993 ;</subfield>
   <subfield code="q">brož.)</subfield>
  </datafield>
  <datafield tag="902" ind1=" " ind2=" ">
   <subfield code="a">92-1-051085-2</subfield>
   <subfield code="q">(1994 ;</subfield>
   <subfield code="q">brož.)</subfield>
  </datafield>
  <datafield tag="910" ind1=" " ind2=" ">
   <subfield code="a">ABA006</subfield>
   <subfield code="b">F16559/59b</subfield>
   <subfield code="b">E29299</subfield>
   <subfield code="b">E30219</subfield>
   <subfield code="b">E30336</subfield>
   <subfield code="b">E32299</subfield>
   <subfield code="b">E32494</subfield>
   <subfield code="b">E32948</subfield>
   <subfield code="r">1959,1986-88,90-94</subfield>
   <subfield code="t">n</subfield>
  </datafield>
  <datafield tag="993" ind1=" " ind2=" ">
   <subfield code="a">000005167</subfield>
  </datafield>
  <datafield tag="996" ind1=" " ind2=" ">
   <subfield code="1">PDPZ0</subfield>
   <subfield code="2">SOSN</subfield>
   <subfield code="3">E32494</subfield>
   <subfield code="5">3142013173</subfield>
   <subfield code="7">1993</subfield>
   <subfield code="8">20030807</subfield>
   <subfield code="9">OSN/XIII.1</subfield>
   <subfield code="a">1993</subfield>
   <subfield code="b">1993</subfield>
   <subfield code="f">81</subfield>
   <subfield code="h">1993</subfield>
   <subfield code="l">UEP01</subfield>
   <subfield code="m">BOOK</subfield>
   <subfield code="q">Knihovna Žižkov depoz. 0</subfield>
   <subfield code="r">OSN</subfield>
   <subfield code="t">na 1 měsíc</subfield>
   <subfield code="u">UEP01</subfield>
   <subfield code="w">20030918</subfield>
  </datafield>
  <datafield tag="996" ind1=" " ind2=" ">
   <subfield code="1">PDPZ0</subfield>
   <subfield code="2">SOSN</subfield>
   <subfield code="3">E32948</subfield>
   <subfield code="5">3142030235</subfield>
   <subfield code="7">1986</subfield>
   <subfield code="8">20030807</subfield>
   <subfield code="9">OSN/XIII.1</subfield>
   <subfield code="a">1986</subfield>
   <subfield code="b">1986</subfield>
   <subfield code="f">81</subfield>
   <subfield code="h">1986</subfield>
   <subfield code="l">UEP01</subfield>
   <subfield code="m">BOOK</subfield>
   <subfield code="q">Knihovna Žižkov depoz. 0</subfield>
   <subfield code="r">OSN</subfield>
   <subfield code="t">na 1 měsíc</subfield>
   <subfield code="u">UEP01</subfield>
   <subfield code="w">20030918</subfield>
  </datafield>
  <datafield tag="996" ind1=" " ind2=" ">
   <subfield code="1">PDPZ0</subfield>
   <subfield code="3">E29299/OSN</subfield>
   <subfield code="4">PC=3626/88</subfield>
   <subfield code="5">3142008966</subfield>
   <subfield code="7">1986;1994</subfield>
   <subfield code="8">20030807</subfield>
   <subfield code="9">OSN/XIII.1</subfield>
   <subfield code="a">1986</subfield>
   <subfield code="b">1986</subfield>
   <subfield code="f">95</subfield>
   <subfield code="h">1986</subfield>
   <subfield code="l">UEP01</subfield>
   <subfield code="m">BOOK</subfield>
   <subfield code="q">Knihovna Žižkov depoz. 0</subfield>
   <subfield code="t">prezenční - lze objednat</subfield>
   <subfield code="u">UEP01</subfield>
   <subfield code="w">20030918</subfield>
  </datafield>
  <datafield tag="996" ind1=" " ind2=" ">
   <subfield code="1">PDPZ0</subfield>
   <subfield code="3">E30219/OSN</subfield>
   <subfield code="4">PC=1599/90</subfield>
   <subfield code="5">3142009039</subfield>
   <subfield code="7">1987</subfield>
   <subfield code="8">20030807</subfield>
   <subfield code="9">OSN/XIII.1</subfield>
   <subfield code="a">1987</subfield>
   <subfield code="b">1987</subfield>
   <subfield code="f">95</subfield>
   <subfield code="h">1987</subfield>
   <subfield code="l">UEP01</subfield>
   <subfield code="m">BOOK</subfield>
   <subfield code="q">Knihovna Žižkov depoz. 0</subfield>
   <subfield code="t">prezenční - lze objednat</subfield>
   <subfield code="u">UEP01</subfield>
   <subfield code="w">20030918</subfield>
  </datafield>
  <datafield tag="996" ind1=" " ind2=" ">
   <subfield code="1">PDPZ0</subfield>
   <subfield code="3">E30336/OSN</subfield>
   <subfield code="4">PC=1431/93</subfield>
   <subfield code="5">3142009042</subfield>
   <subfield code="7">1991</subfield>
   <subfield code="8">20030807</subfield>
   <subfield code="9">OSN/XIII.1</subfield>
   <subfield code="a">1991</subfield>
   <subfield code="b">1991</subfield>
   <subfield code="f">95</subfield>
   <subfield code="h">1991</subfield>
   <subfield code="l">UEP01</subfield>
   <subfield code="m">BOOK</subfield>
   <subfield code="q">Knihovna Žižkov depoz. 0</subfield>
   <subfield code="t">prezenční - lze objednat</subfield>
   <subfield code="u">UEP01</subfield>
   <subfield code="w">20030918</subfield>
  </datafield>
  <datafield tag="996" ind1=" " ind2=" ">
   <subfield code="1">PDPZ0</subfield>
   <subfield code="3">E30336/OSN</subfield>
   <subfield code="4">PC=2217/92</subfield>
   <subfield code="5">3142009041</subfield>
   <subfield code="7">1990</subfield>
   <subfield code="8">20030807</subfield>
   <subfield code="9">OSN/XIII.1</subfield>
   <subfield code="a">1990</subfield>
   <subfield code="b">1990</subfield>
   <subfield code="f">95</subfield>
   <subfield code="h">1990</subfield>
   <subfield code="l">UEP01</subfield>
   <subfield code="m">BOOK</subfield>
   <subfield code="q">Knihovna Žižkov depoz. 0</subfield>
   <subfield code="t">prezenční - lze objednat</subfield>
   <subfield code="u">UEP01</subfield>
   <subfield code="w">20030918</subfield>
  </datafield>
  <datafield tag="996" ind1=" " ind2=" ">
   <subfield code="1">PDPZ0</subfield>
   <subfield code="3">E30336/OSN</subfield>
   <subfield code="4">PC=2346/90</subfield>
   <subfield code="5">3142009040</subfield>
   <subfield code="7">1988</subfield>
   <subfield code="8">20030807</subfield>
   <subfield code="9">OSN/XIII.1</subfield>
   <subfield code="a">1988</subfield>
   <subfield code="b">1988</subfield>
   <subfield code="f">95</subfield>
   <subfield code="h">1988</subfield>
   <subfield code="l">UEP01</subfield>
   <subfield code="m">BOOK</subfield>
   <subfield code="q">Knihovna Žižkov depoz. 0</subfield>
   <subfield code="t">prezenční - lze objednat</subfield>
   <subfield code="u">UEP01</subfield>
   <subfield code="w">20030918</subfield>
  </datafield>
  <datafield tag="996" ind1=" " ind2=" ">
   <subfield code="1">PDPZ0</subfield>
   <subfield code="3">E32299</subfield>
   <subfield code="5">3142007792</subfield>
   <subfield code="7">1992</subfield>
   <subfield code="8">20030807</subfield>
   <subfield code="9">OSN/XIII.1</subfield>
   <subfield code="a">1992</subfield>
   <subfield code="b">1992</subfield>
   <subfield code="f">95</subfield>
   <subfield code="h">1992</subfield>
   <subfield code="l">UEP01</subfield>
   <subfield code="m">BOOK</subfield>
   <subfield code="q">Knihovna Žižkov depoz. 0</subfield>
   <subfield code="t">prezenční - lze objednat</subfield>
   <subfield code="u">UEP01</subfield>
   <subfield code="w">20030918</subfield>
  </datafield>
  <datafield tag="996" ind1=" " ind2=" ">
   <subfield code="1">PKSTP</subfield>
   <subfield code="3">F16559/59b</subfield>
   <subfield code="4">N:P; PC=3531/61</subfield>
   <subfield code="5">11650-90</subfield>
   <subfield code="7">1959</subfield>
   <subfield code="8">20110401</subfield>
   <subfield code="9">OSN/XIII.1</subfield>
   <subfield code="a">1959</subfield>
   <subfield code="b">1959</subfield>
   <subfield code="f">83</subfield>
   <subfield code="h">1959</subfield>
   <subfield code="l">UEP01</subfield>
   <subfield code="m">BOOK</subfield>
   <subfield code="p">MS</subfield>
   <subfield code="q">KSTP</subfield>
   <subfield code="t">na dislokovaném</subfield>
   <subfield code="u">UEP01</subfield>
   <subfield code="v">Nenalezeno</subfield>
  </datafield>
 </record>
</collection>
